00486nam a2200169 i 450000100060000000300090000600500170001500700030003200800410003510000210007624500360009726000450013330000200017850000510019871000440024985200230029379588ES-MaACL20230906174018.0t|041022s1914 sp ||||1| spa d1 aHerrera, Adolfo.13aEl duro / cpor Adolfo Herrera. aMadrid : b[s.n.], c1914 (fJ. Lacoste) a2 v. ; c33 cm. aPrece al tít.: Real Academia de la Historia.2 aReal Academia de la Historia (España) aES-MaACLjG-6355-6